Central Library OPAC University of Rajshahi

ایران جاگ اٹھا ;; Iran jag atha / (Record no. 84633)

MARC details
000 -LEADER
fixed length control field 00566nam a22001817a 4500
001 - CONTROL NUMBER
control field 84633
003 - CONTROL NUMBER IDENTIFIER
rucl marc code BD-RjUL
005 - DATE AND TIME OF LATEST TRANSACTION
control field 20250202153457.0
008 - FIXED-LENGTH DATA ELEMENTS--GENERAL INFORMATION
fixed length control field 250202s1952 pk ||||| |||| 00| 0 urd d
035 ## - SYSTEM CONTROL NUMBER
System control number (BD-RjUL)84633
040 ## - CATALOGING SOURCE
Original cataloging agency BD-RjUL
Language of cataloging eng
Transcribing agency BD-RjUL
041 ## - LANGUAGE CODE
Language code of text/sound track or separate title urd
082 ## - DEWEY DECIMAL CLASSIFICATION NUMBER
Edition number 23
Classification number 915.5
Author mark and year KHI 1952
245 ## - TITLE STATEMENT
Title ایران جاگ اٹھا ;; Iran jag atha /
Statement of responsibility, etc. انعام اللہ خاں ;; Anamullah Khan
260 ## - PUBLICATION, DISTRIBUTION, ETC. (IMPRINT)
Place of publication, distribution, etc. Karachi :کراچی
Name of publisher, distributor, etc. Urdu ekademi , اردو اکیڈمی سندھ،
Date of publication, distribution, etc. 1952
300 ## - PHYSICAL DESCRIPTION
Pagination صفحات :118
Size 18 cm
942 ## - ADDED ENTRY ELEMENTS (KOHA)
Source of classification or shelving scheme Dewey Decimal Classification
Koha item type Books
Holdings
Lost status Source of classification or shelving scheme Damaged status Not for loan Collection code Permanent Location Current Location Shelving location Date acquired Source of acquisition Cost, normal purchase price Total Checkouts Full call number Date last seen Copy number Koha item type
  Dewey Decimal Classification   Not For Loan Non-fiction Central Library, University of Rajshahi Central Library, University of Rajshahi Reading Room 15/02/1972 feroz sons 1.23   U 915.5 KHI 1952 02/02/2025 C-1 Books